The Heroes of Rimau : unravelling the mystery of one of World War 2 most daving raids at the coast off Singapore In Malaya

Bibliographic Details
Main Author: Silver, Lynette Ramsay
Format: Book
Published: Kuala Lumpur : S.Abdul Majeed , 1999
Subjects:

MARC

LEADER 00000cam a2200000 7i4500
001 0000003111
002 000003365
005 20000330.0
020 |a 9838991562 
090 0 0 |a 959.504   |b SIL 
100 1 |a Silver, Lynette Ramsay 
245 1 4 |a The Heroes of Rimau :   |b unravelling the mystery of one of World War 2 most daving raids at the coast off Singapore In Malaya   |c Lynette Ramsay Silver 
260 |a Kuala Lumpur :   |b S.Abdul Majeed ,   |c 1999 
300 |a 314p. :   |b ill ;   |c 22cm. 
650 0 0 |a Japanese occupation   |z Malaya 
999 |a 036674   |b BUKU   |c PINJAMAN   |e PERPUSTAKAAN KOMUNITI PETALING JAYA